000
00445nam a2200145Ia 4500
008
100204s9999 xx 000 0 und d
082
_b
16905
100
_a
मंगेशकर गीता /बांदोडकर
245
_a
अजेय
260
_b
"बांदोडकर पब्लिशिंग हाऊस, गोवा"
_c
1993
300
_a
357
630
_a
अजेय
730
_a
अजेय
942
_c
BOOK
999
_c
461328
_d
461325